000 00818cam a2200253 i 4500
001 4627933
005 20230320113745.0
008 780901s1979 nyu b 001 0 eng
010 _a 78010232
020 _a0070507805
040 _aDLC
_cDLC
_dDLC
043 _an-us---
050 0 0 _aKF3114.6
_b.P74 1979
082 0 0 _a346.7304
_bPRE
100 1 _aPressman, David,
_d1937-
_9110611
245 1 0 _aPatent it yourself! :
_bHow to protect, patent, and market your inventions /
_cDavid Pressman.
260 _aNew York :
_bMcGraw-Hill,
_cc1979.
300 _aviii, 210 p. ;
_c28 cm.
500 _aIncludes index.
504 _aBibliography: p. 161-164.
650 0 _aPatent laws and legislation
_zUnited States
_xPopular works.
_9110612
906 _a7
_bcbc
_corignew
_d1
_eocip
_f19
_gy-gencatlg
942 _2ddc
_cBK
999 _c593840
_d593840